| 000 -CABECERA |
| Longitud fija campo de control |
00453nam a2200169 a 4500 |
| 001 - NÚMERO DE CONTROL |
| Número de control |
807 |
| 003 - IDENTIFICADOR DEL NÚMERO DE CONTROL |
| Identificador del número de control |
CDMR |
| 005 - FECHA Y HORA DE LA ÚLTIMA TRANSACCIÓN |
| Fecha y hora de la última transacción |
20130313140506.0 |
| 008 - CÓDIGOS DE INFORMACIÓN DE LONGITUD FIJA |
| Códigos de información de longitud fija |
130130s2001||||||||||||||||||||||||||||d |
| 020 ## - NÚMERO INTERNACIONAL NORMALIZADO PARA LIBROS |
| Número Internacional Normalizado para Libros (ISBN) |
8476647255 |
| 040 ## - FUENTE DE LA CATALOGACIÓN |
| Centro catalogador de origen |
CDMR |
| Lengua de catalogación |
cat |
| Centro transcriptor |
CDMR |
| 100 1# - PUNTO DE ACCESO PRINCIPAL-NOMBRE DE PERSONA |
| Nombre de persona |
Van Der Elsken, Ed |
| 9 (RLIN) |
633 |
| 245 10 - MENCIÓN DE TÍTULO |
| Título |
Eye love you |
| Mención de responsabilidad, etc. |
Ed van der Elsken |
| Resto del título |
: fotografies + films |
| 260 ## - PUBLICACIÓN, DISTRIBUCIÓN, ETC. (PIE DE IMPRENTA) |
| Lugar de publicación, distribución, etc. |
Barcelona |
| Fecha de publicación, distribución, etc. |
2001 |
| Nombre del editor, distribuidor, etc. |
Fundació "la Caixa" |
| 500 ## - NOTA GENERAL |
| Nota general |
Catàleg d'exposició |
| 942 ## - ENTRADA DE ELEMENTOS AGREGADOS (KOHA) |
| Koha [por defecto] tipo de item |
Monografies |
| Fuente de clasificaión o esquema |
|